Statistics for Countries Bordering India

Click here to take the quiz!

General Stats

  • This quiz has been taken 127,999 times
    (126,316 since last reset)
  • The average score is 6 of 6

Answer Stats

LengthCountry% Correct
2,912 kmPakistan
98%
3,380 kmChina
97%
1,690 kmNepal
96%
4,053 kmBangladesh
94%
605 kmBhutan
87%
1,463 kmMyanmar
82%

Score Distribution

Percentile by Number Answered

Percent of People with Each Score

Your Score History

You have not taken this quiz since the last reset